000 06005cam a2200421 i 4500
005 20260322212041.0
008 data
010 _a 2014040684
015 _aGBB4D7114
_2bnb
016 7 _a016964598
_2Uk
020 _a9781462518036
_qalk. paper)
_qalk. paper)
020 _a1462518036
_qalk. paper)
_qalk. paper)
020 _a9781462529728
_qalk. paper)
_qalk. paper)
020 _a1462529720
_qalk. paper)
_qalk. paper)
040 _aDLC
_beng
_erda
_cDLC
_dP@N
_dYDXCP
_dBTCTA
_dBDX
_dOCLCF
_dSPB
_dUKMGB
_dNLGGC
_dIAD
_dCDX
_dIUL
_dNYP
_dLNT
_dVET
_dCDN
_dOCLCQ
_dPUL
_dJYJ
_dTLE
_dS3O
_dGYG
_dORX
_dTWP
_dCNUTO
_dP@N
041 0 9 _aeng
042 _anlmcopyc
_anlmcopyc
044 _9United States
050 0 0 _aML3920
_b.M89776 2015
060 1 0 _aWB 550
082 0 0 _a615.8/5154
_223
096 _aWM 450.5.M8 W444 2015
245 0 0 _aMusic therapy handbook /
_cedited by Barbara L. Wheeler.
260 _aNew York, NY :
_bThe Guilford Press,
_c2015.
264 1 _aLondon :
_aLondon :
_bThe Guilford Press,
_c[2015]
300 _axix, 507 pages :
_billustrations ;
_c27 cm.
336 _atext
_btxt
_2rdacontent
337 _aunmediated
_bn
_2rdamedia
338 _avolume
_bnc
_2rdacarrier
490 1 _aCreative arts and play therapy
504 _aIncludes bibliographical references (pages 479-480) and index.
505 0 _aMusic therapy as a profession / Barbara L. Wheeler -- A history of music therapy / William Davis and Susan Hadley -- Aesthetic foundations of music therapy : music and emotion / James Hiller-- Music therapy and the brain / Concetta M. Tomaino -- Music therapy and cultural diversity / Seung-A Kim and Annette Whitehead-Pleaux -- Ethics in music therapy / Debbie Bates --Music therapy assessment / Anne W. Lipe -- Music therapy research / Debra S. Burns and Anthony Meadows -- Evidence-based practice in music therapy / Felicity A. Baker -- Music therapy methods / Susan Gardstrom and Suzanne Sorel -- Psychodynamic approaches / Connie Isenberg -- Humanistic approaches / Brian Abrams --Cognitive-behavioral approaches / Suzanne Hanser -- Developmental approaches / Cynthia A. Briggs -- Nordoff-Robbins music therapy / Nina Guerrero, David Marcus, and Alan Turry -- The Bonny method of guided imagery and music / Madelaine Ventre and Cathy H. McKinney -- Analytical music therapy / Benedikte B. Scheiby --Neurologic music therapy / Corene P. Hurt-Thaut and Sarah B. Johnson -- Community music therapy / Brynjulf Stige -- Music therapy in expressive arts / Margareta Wärja -- Music therapy for developmental issues in early childhood / Marcia Humpal --Music therapy for children with intellectual disabilities / Beth McLaughlin and Ruthlee Figlure Adler -- Music therapy for children with autism spectrum disorder / John A. Carpente and A. Blythe LaGasse -- Music therapy for children with speech and language disorders / Kathleen M. Howland -- Music therapy for children with sensory deficits / Greta E. Gillmeister and Paige A. Robbins Elwafi -- Music therapy in the schools / Katrina Skewes McFerran -- Music therapy for adults with mental illness / Gillian Stephens Langdon -- Music therapy in addictions treatment / Kathleen M. Murphy -- Music therapy for older adults / Hanne Mette Ridder and Barbara L. Wheeler -- Music therapy for women survivors of domestic violence / Elizabeth York and Sandra L. Curtis -- Music therapy for survivors of traumatic events / Ronald M. Borczon -- Music therapy for grief and loss / Robert E. Krout -- Music therapy in the neonatal intensive care unit / Helen Shoemark and Deanna Hanson-Abromeit -- Medical music therapy for children / Joanne Loewy -- Medical music therapy for adults / Carol Shultis and Lisa Gallagher -- Music therapy for adults with traumatic brain injury and other neurological disorders / Jeanette Tamplin -- Music therapy at the end of life / Clare O'Callaghan, Lucy Forrest, and Yun Wen.
520 _aThis groundbreaking volume provides a comprehensive overview of contemporary music therapy, from basic concepts to emerging clinical approaches. Rich case examples illustrate ways in which this powerful modality can help people of all ages to develop skills, adapt their behavior, and overcome obstacles in their lives. Expert contributors discuss the broad array of practices in the field, review the burgeoning research literature, and offer in-depth clinical guidance. Innovative applications are presented for children and adults in mental health, medical, and community settings. Part I explains the foundations of music therapy and examines professional issues. Topics include assessment and intervention methods, music and the brain, cultural issues in treatment, and evidence-based practice. Part II focuses on theoretical orientations and approaches. Contributors demonstrate how music therapists draw on elements of psychodynamic, humanistic, and cognitive-behavioral therapy. Also described are models developed specifically for music therapy, such as the Nordoff-Robbins model, the book's largest section, showcases technique and strategies for working with particular clinical populations. Chapters on children and adolescents cover intellectual disabilities, autism spectrum disorder, speech and language disorders, and more. Chapters on adults cover a range of areas where music therapy has been shown to be especially effective, such as addictions, trauma, bereavement, and work with older adults. Several chapters address the growing area of medical music therapy. As authoritative resource, the Handbook shows how music can be used by a broad range of mental health and medical professionals working with children and adults. It belongs on the shelves of music, movement, art, and play therapists; clinical pssychologists; social workers; counselors; psychiatrists; and nurses, as well as clinical graduate students.-- from dust jacket.
650 1 2 _aMusic Therapy
_0https://id.nlm.nih.gov/mesh/D009147
700 1 _aWheeler, Barbara L.,
_eeditor.
830 0 _aCreative arts and play therapy.
001 data
999 _c971
_d971